000 00580nam a2200169Ia 4500
003 LK-CoDNM
008 010623t1993 xxu||||| |||| 00| 1 sin d
040 _aLK-CoDNM
_dLK-CoDNM
_eLK-CoDNM
041 _asin
080 _a297.18
100 _aMihiraj,M.N.
245 _aමුහම්මද් රසුලුල්ලාහ් තුමාණන්ගේ හදීස් (මධු වදන් )හතලිහ
246 _aMuhammad Rasulullah Thumanange Hadeesh Madu Vadan 40
260 _bSinhala Madya Islaameeya Padanama
_c1993
300 _b16p., 21 cm
942 _cBK
999 _c116243
_d116243